000 00658nam a22002297a 4500
001 sjds
003 sjds
005 20220913100601.0
008 220913b sp ||||| |||| 00| 0 spa d
020 _a8401701848
020 _a9788401701849
040 _csjds
041 _aspa
100 _aManley, Deborah
245 _aEs divertido descubrir gentes y lugares /
_cdirigido por Deborah Manley ; ilustrado por Moira y Colin Maclean.
260 _aBarcelona :
_bPlaza y Janes,
_c1983
300 _a47 pages :
_bcolor illustrations ;
_c 32 cm
440 _a Es divertido descubrir
700 1 0 _aMaclean, Moira
700 1 0 _aMaclean, Colin
942 _cBK
999 _c27442
_d27442